Návrh robustného tempomatu s premenlivou štruktúrou

Uložené v:
Podrobná bibliografia
Hlavný autor: Brandobur, Martin (Autor)
Ďalší autori: Vasko, Denis (Vedúci práce)
Médium: Rukopis Kniha
Jazyk:Slovak
Vydavateľské údaje: Bratislava : STU v Bratislave FEI, 2025
Predmet:
On-line prístup:https://opac.crzp.sk/?fn=detailBiblioFormChildC12DUB&sid=BA75C2D62745AD5726E8939ED92F&seo=CRZP-detail-kniha
Tagy: Pridať tag
Žiadne tagy, Buďte prvý, kto otaguje tento záznam!

MARC

LEADER 00000ntm a22000003a 4500
001 stuzp102065
003 SK-STU
005 20260209143824.0
007 ta
008 150427s2015----xo-----f-mn---000-0-slo-d
040 |a STU  |b slo 
041 0 |a slo 
044 |a xo 
100 1 |a Brandobur, Martin  |u 031000  |4 aut  |U FEI Fakulta elektrotechniky a informatiky  |T FEI Ústav robotiky a kybernetiky  |X 111189  |U E011  |Y 356  |7 111189 
242 0 1 |a Variable Structure Cruise Control Design  |y eng 
245 1 0 |a Návrh robustného tempomatu s premenlivou štruktúrou 
260 |a Bratislava :  |b STU v Bratislave FEI,  |c 2025 
300 |a 41 s. 
650 4 |a tempomat  |2 slo 
650 4 |a model dynamiky  |2 slo 
650 4 |a riadenie  |2 slo 
650 4 |a pohybová rovnica  |2 slo 
650 4 |a riadenie s kĺzavým režimom  |2 slo 
650 4 |a Cruise control  |2 eng 
650 4 |a dynamics model  |2 eng 
650 4 |a variable structure control  |2 eng 
650 4 |a equation of motion  |2 eng 
650 4 |a sliding mode control  |2 eng 
700 1 |a Vasko, Denis  |u 031000  |k Z3  |4 ths  |U FEI Fakulta elektrotechniky a informatiky  |T FEI Ústav robotiky a kybernetiky  |X 86455  |U E011  |Y 356  |7 86455 
856 4 |u https://opac.crzp.sk/?fn=detailBiblioFormChildC12DUB&sid=BA75C2D62745AD5726E8939ED92F&seo=CRZP-detail-kniha